[Event "3rd ACP Blitz Prelim2"]
[Site "playchess.com INT"]
[Date "2004.06.01"]
[Round "6"]
[White "Vaisser,A"]
[Black "Shomoev,A"]
[Result "1/2-1/2"]
[WhiteElo "2573"]
[BlackElo "2487"]

1.d4 Nf6 2.c4 g6 3.Nc3 d5 4.cxd5 Nxd5 5.e4 Nxc3 6.bxc3 Bg7 7.Bc4 O-O 8.Ne2 c5
9.O-O Nc6 10.Be3 Bg4 11.f3 Na5 12.Bd3 cxd4 13.cxd4 Be6 14.d5 Bxa1 15.Qxa1 f6
16.Bh6 Re8 17.Kh1 Rc8 18.Nf4 Bd7 19.e5 Nc4 20.e6 Ba4 21.Nxg6 hxg6 22.Bxg6 Ne5
23.Be4 Bc2 24.Bxc2 Rxc2 25.Qd1 Kh7 26.f4 Kxh6 27.fxe5 Qc7 28.d6 Qc6 29.Qg4 fxe5
30.Qh3+ Kg6 31.d7 Rf8 32.Qg4+ Kh6 33.Qh4+ Kg6 34.Qg3+ Kh6 35.Qh4+ Kg6 36.Qg4+ Kh6
37.Qh3+ Kg6 38.Qd3+ Kh6 39.Qh3+ Kg6  1/2-1/2

[Event "3rd ACP Blitz Prelim2"]
[Site "playchess.com INT"]
[Date "2004.06.01"]
[Round "18"]
[White "Vaisser,A"]
[Black "Avrukh,B"]
[Result "1-0"]
[WhiteElo "2573"]
[BlackElo "2620"]

1.d4 Nf6 2.c4 g6 3.Nc3 d5 4.cxd5 Nxd5 5.e4 Nxc3 6.bxc3 Bg7 7.Bc4 c5 8.Ne2 Nc6
9.Be3 cxd4 10.cxd4 Qa5+ 11.Bd2 Qd8 12.Be3 Qa5+ 13.Bd2 Qh5 14.Bc3 O-O 15.O-O Bd7
16.Rb1 b6 17.Rb5 Qh4 18.g3 Qxe4 19.Bd5 Qg4 20.f3 Qg5 21.Bxf7+ Rxf7 22.Rxg5 Bf6
23.Rd5 Be6 24.Rb5 Bc4 25.Rb1 Rd8 26.Qe1 Bxa2 27.Rc1 Bd5 28.Kg2 g5 29.h3 b5
30.Bb2 b4 31.Rc5 e6 32.Qc1 Ne7 33.Qa1 Nf5 34.Kf2 Rdf8 35.Ng1 Nd6 36.Rxd5 exd5
37.Qa5 Nc4 38.Qxb4 a5 39.Qb5 a4 40.Ba1 Nd2 41.Rd1 Nb3 42.Qxd5 Kh8 43.Qc4 Ra7
44.Bc3 Rff7 45.d5  1-0

[Event "3rd ACP Blitz Prelim4"]
[Site "playchess.com INT"]
[Date "2004.06.03"]
[Round "1"]
[White "Mecking,H"]
[Black "Harika,D"]
[Result "1-0"]
[WhiteElo "2555"]
[BlackElo "2368"]

1.d4 Nf6 2.c4 g6 3.Nc3 d5 4.cxd5 Nxd5 5.e4 Nxc3 6.bxc3 Bg7 7.Be3 c5 8.Qd2 O-O
9.Rc1 Qa5 10.Nf3 cxd4 11.cxd4 Qxd2+ 12.Bxd2 Nc6 13.d5 Nd4 14.Nxd4 Bxd4 15.Bb4 Bf6
16.f4 a5 17.Ba3 Bd7 18.e5 Bg7 19.Bxe7 Rfe8 20.d6 f6 21.Bc4+ Kh8 22.e6 Bc6
23.O-O a4 24.Rfd1 f5 25.d7 Rxe7 26.d8=Q+ Rxd8 27.Rxd8+ Re8 28.Rxe8+ Bxe8
29.Bd5 Bd4+ 30.Kh1 Kg7 31.Rc8 Bc6 32.Bxc6 bxc6 33.e7  1-0

[Event "3rd ACP Blitz Prelim4"]
[Site "playchess.com INT"]
[Date "2004.06.03"]
[Round "8"]
[White "Mecking,H"]
[Black "Shipov,S"]
[Result "0-1"]
[WhiteElo "2555"]
[BlackElo "2593"]

1.d4 Nf6 2.c4 g6 3.Nc3 d5 4.cxd5 Nxd5 5.e4 Nxc3 6.bxc3 Bg7 7.Be3 c5 8.Qd2 Qa5
9.Rc1 e6 10.Nf3 Nc6 11.d5 exd5 12.exd5 Ne7 13.c4 Qxd2+ 14.Bxd2 f6 15.Bd3 Kf7
16.O-O Bd7 17.Rfe1 b6 18.h3 Rhe8 19.Bc3 Nf5 20.Nd2 Nd6 21.Ne4 Nxe4 22.Bxe4 f5
23.Bxg7 Kxg7 24.Bd3 f4 25.h4 h6 26.g3 fxg3 27.fxg3 Rxe1+ 28.Rxe1 Re8 29.Rxe8 Bxe8
30.Kf2 Kf6 31.Ke3 Ke5 32.Bc2 g5 33.hxg5 hxg5 34.a4 Bd7 35.Bb3 Bf5 36.Bd1 Bb1
37.Bb3 Bf5 38.Bd1 Bh3 39.Be2 Bg2 40.Bd3 Bh3 41.Be2 Bd7 42.Bd1 Bf5 43.Bb3 Bb1
44.Bd1 Ba2 45.Kd3 a6 46.Bc2 Kd6 47.Kc3 b5 48.axb5 axb5 49.cxb5 Bxd5 50.Bd3 Kc7
51.Bc4 Bb7 52.Bf7 Kb6 53.Be8 Bg2 54.Kd3 Bf1+ 55.Ke4 Bxb5 56.Bh5 Bd7 57.g4 Kb5
58.Ke5 c4 59.Kf6 c3 60.Bg6 Bxg4 61.Kxg5 Be2 62.Kf4 Kc4 63.Ke3 Bd1 64.Bd3+ Kb3
65.Kd4 Bc2 66.Bc4+ Kb4 67.Be6 Bh7 68.Ke3 Ka3 69.Bg4 c2 70.Kd2 Kb2  0-1

[Event "Dake Mem"]
[Site "McMinnville USA"]
[Date "2004.06.08"]
[Round "4"]
[White "Harmon,C"]
[Black "Golod,V"]
[Result "0-1"]
[WhiteElo "2184"]
[BlackElo "2552"]

1.d4 Nf6 2.c4 g6 3.Nc3 d5 4.cxd5 Nxd5 5.e4 Nxc3 6.bxc3 Bg7 7.Nf3 c5 8.h3 O-O
9.Be3 Qa5 10.Qd2 Nc6 11.Rc1 Rd8 12.d5 e6 13.Bh6 exd5 14.exd5 Rxd5 15.Qxd5 Bxh6
16.Ng5 Be6 17.Qd2 Rd8 18.Qe3 Rd5 19.f4 Bxg5 20.Be2 Re5 21.Qf2 Nd4 22.fxe5 Bxc1
23.Qg3 Bd2+  0-1

[Event "II Gyorgy Marx Mem IM"]
[Site "Paks HUN"]
[Date "2004.06.10"]
[Round "6"]
[White "Pap,G"]
[Black "Varadi,V"]
[Result "1-0"]
[WhiteElo "2323"]
[BlackElo "2395"]

1.d4 Nf6 2.c4 g6 3.Nc3 d5 4.cxd5 Nxd5 5.e4 Nxc3 6.bxc3 Bg7 7.Nf3 O-O 8.Be3 c5
9.Rc1 Qa5 10.Qd2 cxd4 11.cxd4 Qxd2+ 12.Kxd2 Nc6 13.d5 Rd8 14.Ke1 Nb4 15.Bd2 Na6
16.Bg5 Kf8 17.Bb5 f5 18.exf5 Bxf5 19.Bxa6 bxa6 20.Rc7 Rxd5 21.Ke2 Bd3+ 22.Ke3 e5
23.Rhc1 Bf5 24.Rb7 Rd3+ 25.Ke2 Rd7 26.Rxd7 Bxd7 27.Rc7 Bb5+ 28.Ke3 Kg8 29.Nd2 a5
30.Ne4 a6 31.g4 Rf8 32.Be7 Rf7 33.Rc8+ Bf8 34.Bd6 Bd7 35.Rd8 Bxg4 36.Bxf8 Rf3+
37.Kd2 Rxf8 38.Nf6+ Kg7 39.Rxf8 Kxf8 40.Nxg4 Ke7 41.Nxe5 Kf6 42.Nc4 Kg5 43.Nxa5 Kh4
44.Ke2 Kh3 45.Nc6 Kxh2 46.Kf1 g5 47.a4 g4 48.Ne5 h5 49.a5 Kh1 50.Ng6 Kh2
51.Nh4 Kh3 52.Ng6 Kh2 53.Nf4 h4 54.Ng6 Kh3 55.Kg1 g3 56.fxg3 Kxg3 57.Ne5 Kf4
58.Nd7 Ke4 59.Nc5+ Kd5 60.Nxa6 Kc4 61.Nb4 Kb5 62.a6  1-0

[Event "St John Uni"]
[Site "New York USA"]
[Date "2004.06.17"]
[Round "1"]
[White "Bonin,J"]
[Black "Times,J"]
[Result "0-1"]
[WhiteElo "2341"]
[BlackElo "2240"]

1.d4 Nf6 2.c4 g6 3.Nc3 d5 4.cxd5 Nxd5 5.e4 Nxc3 6.bxc3 Bg7 7.Nf3 c5 8.Bb5+ Nc6
9.O-O O-O 10.Bxc6 bxc6 11.Ba3 cxd4 12.Nxd4 Qc7 13.Qa4 Bd7 14.Bc5 Rfb8 15.Qa3 Bf8
16.Bxe7 Bxe7 17.Qxe7 Re8 18.Qh4 Qe5 19.Rae1 c5 20.f4 Qg7 21.Nf3 Bb5 22.Rf2 Qxc3
23.e5 Rad8 24.f5 Rd4 25.Qh6 Rxe5 26.Rc1 Rde4 27.f6 Re1+ 28.Nxe1 Qxe1+ 29.Rf1 Qe3+
30.Qxe3 Rxe3 31.Rfe1 Rxe1+ 32.Rxe1 h6 33.Re5 a6 34.Rxc5 g5 35.Rc7 Bd3 36.Kf2 Be4
37.Ra7 Bd3 38.Ke3 Bc4 39.a4 Bf1 40.g3 h5 41.Ke4 Be2  0-1

[Event "II Young Stars of the World"]
[Site "Kirishi RUS"]
[Date "2004.06.20"]
[Round "3"]
[White "Rodshtein,M"]
[Black "Howell,D"]
[Result "0-1"]
[WhiteElo "2366"]
[BlackElo "2332"]

1.d4 Nf6 2.c4 g6 3.Nc3 d5 4.cxd5 Nxd5 5.e4 Nxc3 6.bxc3 Bg7 7.Bc4 c5 8.Ne2 O-O
9.O-O Nc6 10.Be3 Qc7 11.Rc1 Rd8 12.Qd2 b6 13.Qb2 Na5 14.Bd3 Bb7 15.Rfd1 Rac8
16.f3 e6 17.Bg5 Rd7 18.h4 h6 19.Be3 Qd8 20.h5 g5 21.Qb1 cxd4 22.cxd4 Rxc1
23.Qxc1 Nc6 24.Bb5 Bxd4 25.Rf1 Bxe3+ 26.Qxe3 Rd2 27.f4 Nd4 28.Nxd4 Qxd4 29.Qxd4 Rxd4
30.fxg5 Bxe4 31.Be8 Bf5 32.gxh6 Rd8 33.Bb5 Kh7 34.Rc1 Kxh6 35.Rc7 Rd1+ 36.Kh2 Rd5
37.a4 Be4 38.Rxf7 Rxh5+ 39.Kg1 Rg5 40.Bf1 Rg7 41.Rf6+ Rg6 42.Rf7 Rg7 43.Rf6+ Rg6
44.Rf7 a5 45.Rf8 Kg5 46.Rb8 e5 47.Re8 Kf4 48.Kf2 Rf6 49.Be2 Bc6 50.Rc8 e4
51.g3+ Ke5+ 52.Ke3 Bxa4 53.Rb8 Bd7 54.Ra8 Rg6 55.Kf2 Bc6 56.Rb8 e3+ 57.Kxe3 Rxg3+
58.Kd2 Rb3 59.Bd1 Rb4 60.Kc3 Kd6 61.Rh8 Re4 62.Bc2 Re5 63.Kd4 Rd5+ 64.Kc3 Rc5+
65.Kb2 Rg5 66.Rd8+ Kc5 67.Rc8 Kd6 68.Rd8+ Kc7 69.Rh8 b5 70.Rh7+ Kb6 71.Rh8 Re5
72.Rb8+ Kc5 73.Rc8 Re6 74.Rh8 Bd5 75.Rh5 Rd6 76.Ka3 Kd4 77.Rh4+ Kc3 78.Bb1 Bc4
79.Rh3+ Kd4 80.Rh5 Rd5 81.Rh8 Bd3 82.Ba2 Rc5 83.Rh4+ Kc3 84.Rh3 Kd2 85.Rh2+ Kc3
86.Rh3 Rc8 87.Rg3 Rb8 88.Bb1 Rd8 89.Ba2 Rd4 90.Bb3 Rb4 91.Bc2 Kxc2  0-1

[Event "National Open"]
[Site "Las Vegas USA"]
[Date "2004.06.20"]
[Round "6"]
[White "Sharavdorj,D"]
[Black "Saidy,A"]
[Result "1-0"]
[WhiteElo "2444"]
[BlackElo "2338"]

1.d4 Nf6 2.c4 g6 3.Nc3 d5 4.cxd5 Nxd5 5.e4 Nxc3 6.bxc3 Bg7 7.Nf3 c5 8.Rb1 O-O
9.Be2 b6 10.O-O Bb7 11.Qd3 Ba6 12.Qe3 Bxe2 13.Qxe2 Qc7 14.Rd1 Nd7 15.e5 e6
16.Bf4 Qc6 17.Qe3 Rfc8 18.Bh6 cxd4 19.cxd4 Qd5 20.h4 Rc2 21.h5 Qxa2 22.Bxg7 Kxg7
23.d5 Re2 24.h6+ Kg8 25.Qd4 Rd8 26.Qh4 f6 27.Ra1 Qb3 28.dxe6 Qxe6 29.Rd6 Qb3
30.Rad1 Qf7 31.Qg4 f5 32.Qh4  1-0

[Event "XVIII Open"]
[Site "Pula CRO"]
[Date "2004.06.20"]
[Round "1"]
[White "Rukavina,Dar"]
[Black "Brkic,A"]
[Result "0-1"]
[WhiteElo "2086"]
[BlackElo "2427"]

1.d4 Nf6 2.c4 g6 3.Nc3 d5 4.cxd5 Nxd5 5.e4 Nxc3 6.bxc3 Bg7 7.Nf3 c5 8.Be3 Qa5
9.Qd2 O-O 10.Rc1 Rd8 11.d5 e6 12.c4 Qxd2+ 13.Nxd2 Na6 14.Be2 b6 15.O-O Nb4
16.a3 Na2 17.Rc2 Nc3 18.Bf3 exd5 19.cxd5 Ba6 20.Rfc1 Ne2+ 21.Bxe2 Bxe2 22.f3 Bd3
23.Rc3 Bxc3 24.Rxc3 Ba6 25.Bg5 Rd7 26.Bf6 Re8 27.f4 c4 28.Kf2 b5 29.Re3 Bb7
30.g4 Bxd5 31.exd5 Rxe3 32.Kxe3 Rxd5 33.Bd4 f5 34.gxf5 gxf5 35.Nf3 a6 36.Ne5 Rd6
37.h4 Rh6 38.Nf3 Kf7 39.Bc3 Kg6 40.Be1 Kh5 41.Kd4 Rd6+ 42.Kc5 Rd3 43.Nd4 Kg4
44.h5 Kxf4 45.h6 Kg4 46.a4 Rd1 47.Bc3 bxa4 48.Kxc4  0-1

[Event "TCh-CRO"]
[Site "Rabac CRO"]
[Date "2004.06.24"]
[Round "5"]
[White "Bilobrk,F"]
[Black "Kukina,M"]
[Result "1-0"]
[WhiteElo "2338"]
[BlackElo "2006"]

1.d4 Nf6 2.c4 g6 3.Nc3 d5 4.cxd5 Nxd5 5.e4 Nxc3 6.bxc3 Bg7 7.Be3 O-O 8.Qd2 b6
9.Bh6 c5 10.Nf3 Bb7 11.Qe3 cxd4 12.cxd4 Nd7 13.Bd3 Rc8 14.O-O Rc3 15.Bxg7 Kxg7
16.Rac1 Rxc1 17.Rxc1 Nf6 18.d5 Qb8 19.Bb5 Rc8 20.Bc6 Bxc6 21.dxc6 Qa8 22.Nd4 e5
23.Nf5+ gxf5 24.Qg5+ Kf8 25.Qxf6 fxe4 26.Qh8+ Ke7 27.Qxe5+ Kf8 28.Qd6+ Ke8
29.Rc4 f5 30.Qe6+ Kf8 31.Qxf5+ Kg8 32.Qe6+ Kh8 33.Qf6+ Kg8 34.Rxe4  1-0

[Event "3rd Asean IM"]
[Site "Bangkok THA"]
[Date "2004.06.25"]
[Round "7"]
[White "Myo Naing"]
[Black "Cain,C"]
[Result "1/2-1/2"]
[WhiteElo "2425"]
[BlackElo "2310"]

1.d4 Nf6 2.c4 g6 3.Nc3 d5 4.cxd5 Nxd5 5.e4 Nxc3 6.bxc3 Bg7 7.Nf3 c5 8.Rb1 O-O
9.Be2 cxd4 10.cxd4 Qa5+ 11.Bd2 Qxa2 12.O-O Bg4 13.Bg5 h6 14.Bh4 g5 15.Bg3 Nc6
16.d5 Rad8 17.Rxb7 f5 18.Qe1 Bxf3 19.Bxf3 Nd4 20.Bh5 f4 21.Qb4 Qa6 22.Qxe7 Qf6
23.Rxa7 fxg3 24.hxg3 Qxe7 25.Rxe7 Bf6 26.Rb7 Be5 27.Kh2 Rb8 28.Rxb8 Bxb8
29.Kh3 Bd6 30.f3 Ne2 31.f4 Nc3 32.Re1 gxf4 33.e5 Rf5 34.gxf4 Nxd5 35.exd6 Rxh5+
36.Kg3 Nf6 37.Rd1 Nd7 38.Re1 Kf8 39.Re6 Nc5 40.Kg4 Rh2 41.Re7 Rxg2+ 42.Kh5 Rd2
43.Rh7 Rxd6 44.Rxh6 Rd5+ 45.Kg6 Rd6+ 46.Kh5 Rd4 47.Rf6+ Kg7 48.Rf5 Ne6 49.Kg4  1/2-1/2

[Event "3rd Asean IM"]
[Site "Bangkok THA"]
[Date "2004.06.28"]
[Round "9"]
[White "Myo Naing"]
[Black "Aung Aung"]
[Result "1/2-1/2"]
[WhiteElo "2425"]
[BlackElo "2524"]

1.d4 Nf6 2.c4 g6 3.Nc3 d5 4.cxd5 Nxd5 5.e4 Nxc3 6.bxc3 Bg7 7.Nf3 c5 8.Be3 Qa5
9.Qd2 Bg4 10.Rc1 Bxf3 11.gxf3 e6 12.Rb1 cxd4 13.cxd4 Qxd2+ 14.Kxd2 O-O 15.e5 Nc6
16.f4 Rad8 17.Kc3 Rd7 18.Bb5 Rc8  1/2-1/2

[Event "ch-NED w"]
[Site "Leeuwarden NED"]
[Date "2004.06.29"]
[Round "1"]
[White "Bosboom Lanchava,T"]
[Black "Muhren,B"]
[Result "1-0"]
[WhiteElo "2375"]
[BlackElo "2211"]

1.d4 Nf6 2.c4 g6 3.Nc3 d5 4.cxd5 Nxd5 5.e4 Nxc3 6.bxc3 Bg7 7.Nf3 c5 8.Rb1 O-O
9.Be2 cxd4 10.cxd4 Qa5+ 11.Qd2 Qxd2+ 12.Bxd2 b6 13.Rc1 Bb7 14.d5 Na6 15.Bg5 f6
16.Be3 f5 17.Bc4 Kh8 18.O-O fxe4 19.Ng5 h6 20.Ne6 Rfc8 21.Rfd1 Nc7 22.Nf4 Kh7
23.d6 exd6 24.Rxd6 Rd8 25.Rcd1 Rxd6 26.Rxd6 Ne8 27.Rd7 Bc8 28.Re7 Bf5 29.g4 Bxg4
30.Bf7 Nd6 31.Bxg6+ Kh8 32.Ne6 Bxe6 33.Rxe6 Rd8 34.Re7 Nc8 35.Rxe4 Kg8 36.h4 Kh8
37.h5 Kg8 38.Kg2 Kh8 39.Bf4 Rf8 40.Rc4 Ne7 41.Bd3 Nd5 42.Bg3 Rd8 43.Bg6 Rf8
44.Bd6 Rd8 45.Rc6 Kg8 46.Bc2 Kh8 47.Bb3 Nc3 48.Bf4 Ne4 49.Bxh6 Bxh6 50.Rxh6+ Kg7
51.Rg6+ Kh8 52.f3 Nc5 53.Bc4 Rd4 54.Rg4 Rd2+ 55.Kg3 a6 56.Bf7 b5 57.Rg5 Na4
58.Rg6 Rd7 59.Bb3 Nc5 60.Bc2 Rc7 61.h6 Rc8 62.Kh4 a5 63.Bf5 Rf8 64.Rg5 Na4
65.Kg4 Nc3 66.h7 a4 67.Rg6 Nd5 68.Rg8+  1-0

[Event "Nova Open"]
[Site "Haarlem NED"]
[Date "2004.07.04"]
[Round "6"]
[White "Pliester,L"]
[Black "Schoorl,R"]
[Result "1-0"]
[WhiteElo "2389"]
[BlackElo "2225"]

1.d4 Nf6 2.c4 g6 3.Nc3 d5 4.cxd5 Nxd5 5.e4 Nxc3 6.bxc3 Bg7 7.Bc4 c5 8.Ne2 Nc6
9.Be3 O-O 10.O-O e6 11.Qd2 Qa5 12.Rfd1 Rd8 13.Qb2 Bd7 14.Rab1 a6 15.Qxb7 Be8
16.Qb2 Qc7 17.dxc5 Ne5 18.Rxd8 Rxd8 19.Bxa6 Ng4 20.Bf4 Qxc5 21.Bg3 Bc6 22.h3 Nf6
23.Qb6 Qxb6 24.Rxb6 Bxe4 25.Rb8 Rxb8 26.Bxb8 Nd5 27.a4 Nxc3 28.Nxc3 Bxc3
29.Bc7 Kf8 30.a5 Ke7 31.Bc8 Bb4 32.a6 Bd6 33.Bb6 Bb8 34.f3 Ba8 35.Kf2 Kd6
36.a7 Bc7 37.Be3 Bc6 38.g4 Bb6 39.g5 Bxe3+ 40.Kxe3 e5 41.Ba6  1-0

[Event "22nd Open"]
[Site "Andorra la Vella AND"]
[Date "2004.07.05"]
[Round "3"]
[White "Cruz Lopez Claret,C"]
[Black "Jerez Perez,A"]
[Result "1/2-1/2"]
[WhiteElo "2293"]
[BlackElo "2416"]

1.d4 Nf6 2.c4 g6 3.Nc3 d5 4.cxd5 Nxd5 5.e4 Nxc3 6.bxc3 Bg7 7.Bc4 O-O 8.Ne2 c5
9.Be3 Qc7 10.Rc1 Nd7 11.O-O b6 12.Qd2 Bb7 13.f3 Rfd8 14.Bh6 Bh8 15.Qe3 e6
16.h4 Nf6 17.Bf4 Qd7 18.Be5 cxd4 19.cxd4 Rac8 20.Qa3 b5 21.Bb3 a6 22.Rxc8 Rxc8
23.Rc1 Rxc1+ 24.Qxc1 Ne8 25.Bxh8 Kxh8 26.h5 a5 27.Qc3  1/2-1/2

[Event "32nd World Open"]
[Site "Philadelphia USA"]
[Date "2004.07.06"]
[Round "9"]
[White "Sharavdorj,D"]
[Black "Fedorowicz,J"]
[Result "1-0"]
[WhiteElo "2441"]
[BlackElo "2520"]

1.d4 Nf6 2.c4 g6 3.Nc3 d5 4.cxd5 Nxd5 5.e4 Nxc3 6.bxc3 Bg7 7.Nf3 c5 8.Rb1 O-O
9.Be2 cxd4 10.cxd4 b6 11.O-O Bb7 12.Qd3 Nd7 13.Ba3 Nf6 14.d5 Nh5 15.Qe3 Rc8
16.Rbc1 Qd7 17.Nd4 Nf6 18.Bb5 Qg4 19.Nc6 Bxc6 20.Bxc6 Qxe4 21.Qxe4 Nxe4 22.Bxe7 Rfd8
23.Bxd8 Rxd8 24.Rfe1 Nd6 25.Re7 a5 26.Rd7 Rxd7 27.Bxd7 Bd4 28.Kf1 Bc5 29.Ke2 Kf8
30.f4 Kg7 31.Bc6 h5 32.Kd3 Kf6 33.g3 h4 34.gxh4 Kf5 35.Rf1 Kg4 36.f5 Kxh4
37.fxg6 fxg6 38.Bd7  1-0

[Event "22nd Open"]
[Site "Andorra la Vella AND"]
[Date "2004.07.07"]
[Round "5"]
[White "Hauchard,A"]
[Black "Michielsen,J"]
[Result "1/2-1/2"]
[WhiteElo "2480"]
[BlackElo "2285"]

1.d4 Nf6 2.c4 g6 3.Nc3 d5 4.cxd5 Nxd5 5.e4 Nxc3 6.bxc3 Bg7 7.Bc4 O-O 8.Ne2 Nc6
9.O-O b6 10.e5 Bb7 11.Nf4 Na5 12.Bd3 c5 13.Be3 e6 14.Qg4 Qe7 15.h4 cxd4 16.cxd4 Nc6
17.Rad1 Rfd8 18.Bb1 Rd7 19.Rd2 Rad8 20.Rfd1 Qb4 21.a3 Qxa3 22.h5 Ne7 23.Nxe6 fxe6
24.Qxe6+ Kf8 25.Ba2 Bd5 26.Bxd5 Rxd5 27.Rd3 Rxe5 28.Qc4 Rxe3 29.Rxa3 Rxa3
30.d5 Be5 31.Qe4 Rxd5 32.Re1 Ra1 33.Rxa1 Bxa1 34.Qf4+ Rf5 35.Qb8+ Kf7 36.hxg6+ hxg6
37.g4 Rf6 38.Qxa7 Bd4 39.Qa2+ Kg7 40.Qa7 Bxf2+ 41.Kg2 Bc5 42.Qa1 g5 43.Qe5 Kg6
44.Qb8 Kf7 45.Qe5 Ng6 46.Qd5+ Ke7 47.Qxg5 Ke6 48.Kh2 Rf2+ 49.Kg3 Rf6 50.Kh2 Bd6+
51.Kg1 Nf4 52.Qb5 Bc5+ 53.Kh2 Kd5 54.Kg3 Ne6 55.Qb3+ Kc6 56.Qa4+ b5 57.Qa8+ Kb6
58.Qb8+ Ka5 59.Qa8+ Kb4 60.Qe4+ Nd4 61.Qb1+ Kc3 62.Qa1+ Kd3 63.Qb1+ Kc4 64.Qa2+ Kb4
65.Qb1+ Ka5 66.g5 Rf8 67.g6 Bd6+ 68.Kg4 Rf4+ 69.Kh5 Nf5 70.Kg5 b4 71.g7 Nxg7  1/2-1/2

[Event "22nd Open"]
[Site "Andorra la Vella AND"]
[Date "2004.07.07"]
[Round "5"]
[White "Peralta,Fe"]
[Black "Jerez Perez,A"]
[Result "0-1"]
[WhiteElo "2541"]
[BlackElo "2416"]

1.d4 Nf6 2.c4 g6 3.Nc3 d5 4.cxd5 Nxd5 5.e4 Nxc3 6.bxc3 Bg7 7.Nf3 c5 8.Rb1 cxd4
9.cxd4 O-O 10.Be2 Qa5+ 11.Bd2 Qxa2 12.O-O Bg4 13.Bg5 h6 14.Be3 Nc6 15.d5 Bxf3
16.gxf3 Nd4 17.Bd3 a5 18.Rxb7 a4 19.f4 Qa3 20.e5 Nb3 21.f5 Nc5 22.Bxc5 Qxc5
23.fxg6 Bxe5 24.Qh5 Bg7 25.Qf5 Qd6 26.gxf7+ Rxf7 27.Qe6 a3 28.Bh7+ Kf8 29.Ra7 Rb8
30.Rb1 Bb2 31.Rb7 Rd8 32.Be4 Qxe6 33.dxe6 Rf6 34.R7xb2 axb2 35.Rxb2 Rxe6
36.Rb4 Rd2 37.Kg2 Rf6 38.Bf3 Rf5 39.Rh4 Kg7 40.Re4 e5 41.Be2 Kf6 42.Re3 Rf4
43.Kg3 Ra2 44.Bf3 Rfa4 45.Be4 R2a3 46.Rxa3 Rxa3+ 47.f3 Kg5 48.h4+ Kf6 49.Kg4 Ra7
50.Kh5 Kg7 51.Bd5 Ra6 52.Be4 Rf6 53.Bd5 Kf8 54.Be4 Ke7 55.Bb7 Kd6 56.Be4 Kc5
57.Bg6 Rf4 58.Be8 Kd4 59.Bd7 Ke3 60.Bc6 Kf2  0-1

[Event "ch-NOR"]
[Site "Molde NOR"]
[Date "2004.07.07"]
[Round "6"]
[White "Carlsen,M"]
[Black "Ostenstad,B"]
[Result "1/2-1/2"]
[WhiteElo "2552"]
[BlackElo "2492"]

1.d4 Nf6 2.c4 g6 3.Nc3 d5 4.cxd5 Nxd5 5.e4 Nxc3 6.bxc3 Bg7 7.Bc4 c5 8.Ne2 O-O
9.Be3 Nc6 10.O-O Na5 11.Bd3 b6 12.Rc1 e6 13.e5 Bb7 14.Nf4 Nc6 15.Be4 Qd7
16.Qf3 Rab8 17.Rfd1 cxd4 18.cxd4 Ne7 19.d5 Nxd5 20.Bxd5  1/2-1/2

[Event "Proclient Cup"]
[Site "Olomouc CZE"]
[Date "2004.07.07"]
[Round "5"]
[White "Tupy,M"]
[Black "Savage,B"]
[Result "0-1"]
[WhiteElo "2322"]
[BlackElo "2204"]

1.d4 Nf6 2.c4 g6 3.Nc3 d5 4.cxd5 Nxd5 5.e4 Nxc3 6.bxc3 Bg7 7.Nf3 c5 8.Rb1 O-O
9.Be2 b6 10.O-O Bb7 11.Qd3 e6 12.Bg5 Qd6 13.Qe3 Rc8 14.Rfd1 Nd7 15.Bb5 Bc6
16.Ba6 Re8 17.e5 Qc7 18.h4 f6 19.exf6 Nxf6 20.Ne5 Bd5 21.a3 cxd4 22.cxd4 Rf8
23.Rbc1 Qd6 24.f3 Nd7 25.Bf4 Rxf4 26.Qxf4 Rf8 27.Rc8 Rxc8 28.Qf7+ Kh8 29.Bxc8 Nxe5
30.Qe8+ Qf8 31.Qxf8+ Bxf8 32.dxe5 Bxa3 33.Ba6 Kg7 34.Kf2 Kf7 35.Kg3 Ke7 36.h5 Kf7
37.Bb7 Bc4 38.Rd7+ Be7 39.hxg6+ hxg6 40.Be4 a5 41.Bxg6+ Kf8 42.Ra7 Bb3 43.Bd3 a4
44.Kf4 a3 45.Bb1 b5 46.Ke4 Bd5+ 47.Kd4 b4 48.Be4 Ba2 49.f4 Bh4 50.Kc5 Bf2+  0-1

[Event "TCh-GRE"]
[Site "Aghia Pelagia GRE"]
[Date "2004.07.08"]
[Round "6"]
[White "Karapanos,N"]
[Black "Gesos,P"]
[Result "1/2-1/2"]
[WhiteElo "2248"]
[BlackElo "2304"]

1.d4 Nf6 2.c4 g6 3.Nc3 d5 4.cxd5 Nxd5 5.e4 Nxc3 6.bxc3 Bg7 7.Bc4 O-O 8.Ne2 b6
9.Be3 Bb7 10.f3 Nc6 11.O-O Qd7 12.Rb1 Rfd8 13.Qe1 Na5 14.Bd3 e6 15.Qh4 c5
16.Bb5 Bc6 17.Ba6 Bb7 18.Bb5 Bc6  1/2-1/2

[Event "ch-CRC"]
[Site "Casa Espana CRC"]
[Date "2004.07.08"]
[Round "2"]
[White "Rodriguez,Adr"]
[Black "Carvajal,J"]
[Result "1-0"]
[WhiteElo "2178"]
[BlackElo "2087"]

1.d4 Nf6 2.c4 g6 3.Nc3 d5 4.cxd5 Nxd5 5.e4 Nxc3 6.bxc3 Bg7 7.Bc4 O-O 8.Ne2 c5
9.Be3 Nc6 10.O-O Bg4 11.f3 Na5 12.Bd5 Bd7 13.dxc5 Bb5 14.Bd4 e6 15.Bb3 e5
16.c4 exd4 17.cxb5 d3 18.Nf4 Nxb3 19.axb3 Rc8 20.Rxa7 Rxc5 21.Kh1 d2 22.Nd5 Rc1
23.Qe2 Qxd5 24.exd5 Rxf1+ 25.Qxf1 Re8 26.Ra2 Re1 27.Ra8+ Bf8 28.Ra1 Bb4 29.g3 Bc3
30.Rb1 Rxf1+ 31.Rxf1 Kf8 32.Kg2 Ke7 33.Kf2 Kd6 34.Ke2 Kxd5 35.Kd3 Bb4 36.b6 Kc5
37.f4 f5 38.Rd1 Ba5 39.Ra1 Bb4 40.Kc2 Kxb6 41.Ra8 Bc3 42.Re8  1-0

[Event "22nd Open"]
[Site "Andorra la Vella AND"]
[Date "2004.07.09"]
[Round "7"]
[White "Pedersen,NV"]
[Black "Navarro Cia,M"]
[Result "1-0"]
[WhiteElo "2471"]
[BlackElo "2325"]

1.d4 Nf6 2.c4 g6 3.Nc3 d5 4.cxd5 Nxd5 5.e4 Nxc3 6.bxc3 Bg7 7.Bc4 O-O 8.Ne2 c5
9.O-O Nc6 10.Be3 Qc7 11.Rc1 Rd8 12.Bf4 Qd7 13.dxc5 Ne5 14.Bxe5 Bxe5 15.Qb3 e6
16.f4 Bg7 17.f5 Qe7 18.fxe6 Bxe6 19.Bxe6 fxe6 20.Qc4 Rdc8 21.Nd4 Rxc5 22.Qxe6+ Qxe6
23.Nxe6 Re5 24.Nxg7 Kxg7 25.Rcd1 Rae8 26.Rf4 R8e7 27.Rd5 R5e6 28.Ra5 a6 29.Ra4 g5
30.Rg4 Kg6 31.h4 h6 32.hxg5 hxg5 33.Kh2 Kh5 34.Kh3 Re5 35.Rd4 Rc5 36.Rg3 Ree5
37.Rgd3 Rb5 38.Kg3 Rb2 39.a4 Ra2 40.Kf3 Re8 41.Rd2 Ra3 42.g4+ Kg6 43.Rc4 Re6
44.Rd5 Kf6 45.Rf5+ Kg6 46.a5 Kh6 47.Ke3 Ra1 48.Rb4 Re1+ 49.Kf3 Kg6 50.Rc4 Kh6
51.Rd4 Kg6 52.c4 Kh6 53.c5 Kg6 54.Rb4 Kh6 55.Rb6 Rxe4 56.Rf6+ Rxf6+ 57.Rxf6+ Kg7
58.Kxe4 Kxf6 59.Kd5 Ke7 60.Ke5 Kd7 61.Kf5  1-0

[Event "Open"]
[Site "Condom FRA"]
[Date "2004.07.13"]
[Round "5"]
[White "Laurain,D"]
[Black "Dumont,G"]
[Result "1-0"]
[WhiteElo "2065"]
[BlackElo "1950"]

1.d4 Nf6 2.c4 g6 3.Nc3 d5 4.cxd5 Nxd5 5.e4 Nxc3 6.bxc3 Bg7 7.Bc4 c5 8.Be3 Nc6
9.Ne2 cxd4 10.cxd4 Qa5+ 11.Kf1 O-O 12.h4 h5 13.Nf4 Qb4 14.Rc1 Rd8 15.Nxg6 Nxd4
16.Qxh5 Ne6 17.Nf4 Qd6 18.Nd5 Bd7 19.Bg5 f6 20.Bf4 Qa3 21.Rh3  1-0

[Event "15th Open"]
[Site "Ljubjana SLO"]
[Date "2004.07.14"]
[Round "7"]
[White "Jelen,Ig"]
[Black "Kobe,Ur"]
[Result "0-1"]
[WhiteElo "2348"]
[BlackElo "2163"]

1.d4 Nf6 2.c4 g6 3.Nc3 d5 4.cxd5 Nxd5 5.e4 Nxc3 6.bxc3 Bg7 7.Nf3 O-O 8.Be2 c5
9.O-O Qa5 10.Be3 Qxc3 11.Rc1 Qa5 12.Rxc5 Qxa2 13.Bc4 Qb2 14.Qd3 Na6 15.Rb5 Nb4
16.Bxf7+ Rxf7 17.Qc4 a5 18.Ng5 Qa2 19.Qxa2 Nxa2 20.Nxf7 Kxf7 21.Bd2 Bxd4
22.Rxa5 Rxa5 23.Bxa5 b6 24.Bd2 Ba6 25.Rb1 Bd3 26.Rb3 Bc4 27.Rf3+ Ke8 28.Rh3 b5
29.Rxh7 b4 30.Bg5 Bf7  0-1

[Event "15th Open"]
[Site "Ljubjana SLO"]
[Date "2004.07.15"]
[Round "8"]
[White "Tavcar,R"]
[Black "Jelen,Ig"]
[Result "0-1"]
[WhiteElo "2102"]
[BlackElo "2348"]

1.d4 Nf6 2.c4 g6 3.Nc3 d5 4.cxd5 Nxd5 5.e4 Nxc3 6.bxc3 Bg7 7.Nf3 c5 8.Rb1 O-O
9.Be2 cxd4 10.cxd4 Qa5+ 11.Qd2 Qxd2+ 12.Bxd2 b6 13.O-O Bb7 14.d5 Ba6 15.Rfe1 Rc8
16.Bb4 Bf8 17.Nd4 Bxe2 18.Rxe2 Rc4 19.Nb5 Na6 20.Be1 Nc5 21.f3 a6 22.Nc7 Rc8
23.Bg3 Na4 24.d6 Nc3 25.Rc2 exd6 26.Rxb6 R8xc7 27.Rxa6 Na4 28.Rxc4 Rxc4 29.Bxd6 Bxd6
30.Rxd6 Rc2 31.h4 Rxa2 32.h5 Kg7 33.Rd7 Nc5 34.h6+ Kf6 35.Rd6+ Ne6 36.Rd7 Nf4
37.g4 Kg5 38.Rxf7 Kh4 39.Kf1 Kg3 40.Ke1 Kxf3 41.Kd1 Kxg4 42.Rxh7 Kg5 43.Rf7 Nd3
44.h7 Ra8 45.Ke2 Ne5 46.Rg7 Rh8 47.Ke3 Kf6 48.Rb7 Nf7 49.Kf4 g5+ 50.Ke3 Rxh7
51.Rb6+ Ke5 52.Rb5+ Ke6 53.Rb6+ Nd6 54.Kf3 Rh4 55.Ra6 Rf4+ 56.Kg3 Rxe4 57.Rb6 Ke5
58.Ra6 Nf5+ 59.Kf2 g4 60.Ra8 Kf4  0-1

[Event "15th Open"]
[Site "Ljubjana SLO"]
[Date "2004.07.16"]
[Round "9"]
[White "Jelen,Ig"]
[Black "Ivanec,D"]
[Result "1-0"]
[WhiteElo "2348"]
[BlackElo "2169"]

1.d4 Nf6 2.c4 g6 3.Nc3 d5 4.cxd5 Nxd5 5.e4 Nxc3 6.bxc3 Bg7 7.Nf3 O-O 8.Be2 c5
9.O-O Nc6 10.Be3 cxd4 11.cxd4 Bg4 12.d5 Ne5 13.Nxe5 Bxe2 14.Qxe2 Bxe5 15.Rab1 b6
16.a4 f5 17.f4 Bc3 18.Qd3 Rc8 19.e5 Qd7 20.Rfc1 Ba5 21.Qb3 Rxc1+ 22.Rxc1 Rc8
23.Rc6 Kf8 24.e6 Qb7 25.Qc4 Rd8 26.Bd4 Bd2 27.Bb2 Be3+ 28.Kh1  1-0

[Event "ACT Open"]
[Site "Amsterdam NED"]
[Date "2004.07.18"]
[Round "2"]
[White "Sokolov,I"]
[Black "Bosboom,M"]
[Result "1/2-1/2"]
[WhiteElo "2679"]
[BlackElo "2425"]

1.d4 Nf6 2.c4 g6 3.Nc3 d5 4.cxd5 Nxd5 5.e4 Nxc3 6.bxc3 Bg7 7.Nf3 O-O 8.Be2 c5
9.O-O cxd4 10.cxd4 b6 11.Bg5 Bb7 12.Qd3 Nc6 13.Rfd1 h6 14.Be3 e6 15.Qd2 Kh7
16.Rac1 Ne7 17.Qd3 Rc8 18.Rxc8 Qxc8 19.Qa3 Qd8 20.Bd3 f5 21.Qxa7 Bxe4 22.Bxe4 fxe4
23.Nd2 Nf5 24.Nxe4 Qd5 25.Nd2 e5 26.Nf3 Nxe3 27.fxe3 Rxf3 28.gxf3 Qxf3 29.Re1 Qg4+
30.Kf1 Qf3+ 31.Kg1 Qg4+ 32.Kf2 exd4 33.Qxb6 Qf5+ 34.Kg2 Qe4+ 35.Kg1 Qg4+
36.Kf2 Qf5+ 37.Kg2 Qg4+ 38.Kf2 Qf5+ 39.Kg2 Qg4+ 40.Kf2 Qe4 41.Kg1  1/2-1/2

[Event "ACT Open"]
[Site "Amsterdam NED"]
[Date "2004.07.20"]
[Round "4"]
[White "Bensdorp,M"]
[Black "Ris,R"]
[Result "1/2-1/2"]
[WhiteElo "2238"]
[BlackElo "2336"]

1.d4 Nf6 2.c4 g6 3.Nc3 d5 4.cxd5 Nxd5 5.e4 Nxc3 6.bxc3 Bg7 7.Bc4 c5 8.Ne2 Nc6
9.Be3 O-O 10.O-O Na5 11.Bd3 cxd4 12.cxd4 b6 13.Rc1 Bb7 14.Qd2 Qd7 15.Rfd1 Rfc8
16.f3 e6 17.Qb2 Rxc1 18.Rxc1 Rc8 19.Rxc8+ Qxc8 20.Qc2 Qd7 21.Qc3 Nc6 22.Bc4 a6
23.Bb3 b5 24.Qd2 Ne7 25.Qb4 Nc6 26.Qd2 Ne7 27.Qb4 Bf8 28.Qc3 Qc6 29.Qxc6 Bxc6
30.Bd2 Bd7 31.Kf2 Nc6 32.d5 exd5  1/2-1/2